Premier League by the Numbers: #30 Quiz Stats

 Plays Quiz not verified by Sporcle

Challenge
Share
Tweet
Score 0/8 Timer 05:00
0 Plays Today
% Correct
David Luiz
98.9%
Nicolas Otamendi
87.4%
Steve Mandanda
82.1%
Costel Pantilimon
78.9%
Michail Antonio
75.8%
Mason Holgate
58.9%
Pau Lopez
35.8%
Daniel Batty
9.5%

You're not logged in!

Compare scores with friends on all Sporcle quizzes.
OR
Log In

You Might Also Like...

Show Comments

Extras

Top Quizzes Today


Score Distribution

Your Account Isn't Verified!

In order to create a playlist on Sporcle, you need to verify the email address you used during registration. Go to your Sporcle Settings to finish the process.

Report this User

Report this user for behavior that violates our Community Guidelines.

Details: